000 00348nam a2200157Ia 4500
999 _c6030
_d6030
003 OSt
005 20191003120035.0
008 190906s9999||||xx |||||||||||||| ||und||
020 _a978-0073027432
040 _cmaju
100 _a David B. Balkin
245 0 _aManagement
260 _aDelhi
_bViva Books
_c2002
300 _a448
942 _cBK
_2ddc